| 000 | 00374cam a22001097a 4500 | ||
|---|---|---|---|
| 008 | 180718b xxu||||| |||| 00| 0 eng d | ||
| 082 | _aR22x54 In2 N-Jq | ||
| 245 |
_aReport of the central wage board for non- journal list employees of newspaper industry _cby Ministry of Labour |
||
| 260 |
_aNew Delhi _bGovernment of India _c |
||
| 300 | _a33p | ||
| 700 | _aIndia. Ministry of Labour | ||
| 999 |
_c495965 _d495965 |
||